MICCI : standing committees booklet 2009/ 2010.
| Corporate Author: | |
|---|---|
| Format: | Book |
| Published: |
Dubai:
Al-Fajer Information & Services,
2010.
|
| Subjects: |
| LEADER | 00520cam a2200157 7i4500 | ||
|---|---|---|---|
| 001 | 0000024639 | ||
| 005 | 20100617090000.0 | ||
| 090 | 0 | 0 | |a M 338.7 |b MAL |
| 110 | 2 | 0 | |a Malaysia International Chamber of Commerce and Industry (MICCI) |
| 245 | 2 | 0 | |a MICCI : |b standing committees booklet 2009/ 2010. |
| 260 | 0 | 0 | |a Dubai: |b Al-Fajer Information & Services, |c 2010. |
| 300 | # | # | |a 40 p. |
| 650 | 0 | 0 | |a Business -- |z Malaysia |
| 650 | 0 | 0 | |a Industry -- |z Malaysia |
| 651 | 0 | 0 | |a Malaysia |
| 999 | |a 0000026718 |b Book |c Malaysia |e Business Information Centre | ||